=LDR 00000nam 2200000 4500 =001 INLIS000000000012636 =005 20130612104133 =008 ***********************************Ind** =035 ##$$0010-061300000012636 =041 ##$$a Ind =082 ##$$a 615.842 =090 ##$$a 615.842, Pal p =100 ##$$a Palmer, P.ES =245 ##$$a Petunjuk Membaca Foto untuk Meliter Ilmuan, P.E.S.Palanur ; Alih bahasa, L.Hartono =260 ##$$a 1989 $b Jakarta =300 ##$$a 215 hlm, Ilus, 24 cm =650 ##$$a Radigrafi kedakteran =700 ##$$a Hartono H =850 ##$$a NBPNMAT